[Event "Warsaw YMCA Autumn-B 130th"]
[Site "Warsaw"]
[Date "2013.11.07"]
[Round "8"]
[White "Szefer, Michal"]
[Black "Barc, Michal"]
[Result "1/2-1/2"]
[WhiteElo "1946"]
[BlackElo "1841"]
[PlyCount "79"]
[EventDate "2013.09.19"]
[EventType "tourn"]
[EventRounds "13"]
[EventCountry "POL"]
[SourceTitle "EXT 2015"]
[Source "ChessBase"]
[SourceDate "2014.11.20"]
[SourceVersion "1"]
[SourceVersionDate "2014.11.20"]
[SourceQuality "1"]

1. e4 d6 2. d4 Nf6 3. Nc3 c6 4. f4 Qa5 5. Bd3 e5 6. dxe5 dxe5 7. f5 Na6 8. Bd2 Nc5 9. Qe2 Nxd3+ 10. Qxd3 Qc7 11. Qg3 b6 12. Nf3 Nd7 13. 0-0-0 Ba6 14. Be3 0-0-0 15. Ng5 Bc4 16. Nb1 h6 17. Nf3 f6 18. Nh4 Bc5 19. Rd2 Bxa2 20. Nc3 Bc4 21. Rhd1 Bxe3 22. Qxe3 Nc5 23. b3 Rxd2 24. Kxd2 Rd8+ 25. Ke1 Rxd1+ 26. Nxd1 Bf7 27. Nc3 a5 28. Nf3 Qd6 29. Nd2 Qd4 30. Qg3 Bh5 31. Qh3 Be8 32. Ne2 Qd7 33. Qe3 Kb7 34. Nc4 Qe7 35. Nc3 Bf7 36. Nxb6 Kxb6 37. Na4+ Kb5 38. Qe2+ Kb4 39. Qd2+ Kb5 40. Qe2+ 1/2-1/2

[Event "Warsaw YMCA Autumn-B 130th"]
[Site "Warsaw"]
[Date "2013.10.10"]
[Round "4"]
[White "Barc, Michal"]
[Black "Jachimiak, Wojciech"]
[Result "1/2-1/2"]
[WhiteElo "1841"]
[BlackElo "1880"]
[PlyCount "35"]
[EventDate "2013.09.19"]
[EventType "tourn"]
[EventRounds "13"]
[EventCountry "POL"]
[SourceTitle "EXT 2015"]
[Source "ChessBase"]
[SourceDate "2014.11.20"]
[SourceVersion "1"]
[SourceVersionDate "2014.11.20"]
[SourceQuality "1"]

1. d4 Nf6 2. c4 g6 3. Nc3 Bg7 4. e4 d6 5. Nf3 0-0 6. Be2 c5 7. d5 Na6 8. 0-0 Nc7 9. h3 Bd7 10. Bf4 a6 11. a4 b6 12. e5 Nfe8 13. Qd2 Rb8 14. Ne4 Bf5 15. Ng3 Bd7 16. Ne4 Bf5 17. Nc3 Bd7 18. Ne4 1/2-1/2

[Event "Warsaw YMCA Autumn-B 130th"]
[Site "Warsaw"]
[Date "2013.09.23"]
[Round "2"]
[White "Barc, Michal"]
[Black "Koziol, Pawel"]
[Result "1/2-1/2"]
[WhiteElo "1841"]
[BlackElo "1879"]
[PlyCount "49"]
[EventDate "2013.09.19"]
[EventType "tourn"]
[EventRounds "13"]
[EventCountry "POL"]
[SourceTitle "EXT 2015"]
[Source "ChessBase"]
[SourceDate "2014.11.20"]
[SourceVersion "1"]
[SourceVersionDate "2014.11.20"]
[SourceQuality "1"]

1. d4 Nf6 2. Nf3 e6 3. c4 Bb4+ 4. Bd2 Qe7 5. a3 Bxd2+ 6. Nbxd2 d6 7. e4 e5 8. d5 0-0 9. Be2 a5 10. 0-0 Nbd7 11. Qc2 a4 12. b4 axb3 13. Nxb3 Nh5 14. g3 g6 15. Nh4 Nf4 16. Nf3 Nxe2+ 17. Qxe2 f5 18. Nfd2 Nf6 19. Rfc1 fxe4 20. Nxe4 Nxe4 21. Qxe4 Bf5 22. Qe3 Bg4 23. Nd2 Rf7 24. f3 Bd7 25. Ne4 1/2-1/2